[Event "Helsinki We HSK op"]
[Site "Helsinki"]
[Date "1997.??.??"]
[Round "2"]
[White "Tella, Jussi"]
[Black "Lehti, Juhani"]
[Result "1/2-1/2"]
[WhiteElo "2335"]
[BlackElo "2045"]

1.d4 Nf6 2.c4 g6 3.Nc3 Bg7 4.e4 d6 5.Nf3 O-O 6.Be2 e5 7.O-O Nbd7 8.d5 Ne8
9.Qc2 f5 10.exf5 gxf5 11.Ng5 Nb6 12.f4 e4 13.Be3 h6 14.Ne6 Bxe6 15.dxe6 Qe7
16.Rad1 Kh8 17.c5 dxc5 18.Nb5 Qxe6 19.Bxc5 Rf7 20.a4 Rd7 21.Rxd7 Nxd7 22.Be3 Qf6
23.Rd1 Nf8 24.Bd4 Qg6 25.Bxg7+ Qxg7 26.Qc5 Qf6 27.Nxc7 Nxc7 28.Qxc7 Qxb2
29.Kf1 Ne6 30.Qe7 Ng7 31.Rd6 Qc1+ 32.Bd1 Qxf4+ 33.Ke2 e3 34.Qxb7 Qf2+ 35.Kd3 Qd2+
36.Kc4 Qxd6 37.Qxa8+ Kh7 38.Qf3 Qd2 39.g4 Qc1+ 40.Kb5 Qb2+ 41.Kc4 Qa2+ 42.Kd4 Qd2+
43.Kc4 Qf2 44.Kd3 Qd2+  1/2-1/2

[Event "FIN-ch"]
[Site "Helsinki"]
[Date "1997.??.??"]
[Round "3"]
[White "Tella, Jussi"]
[Black "Agopov, Mikael"]
[Result "1-0"]
[WhiteElo "2335"]
[BlackElo "2305"]

1.d4 Nf6 2.Nf3 g6 3.c4 Bg7 4.Nc3 O-O 5.e4 d6 6.Be2 e5 7.d5 a5 8.Bg5 h6 9.Bh4 Na6
10.Nd2 Qe8 11.O-O Nh7 12.a3 Bd7 13.Kh1 Bf6 14.Bxf6 Nxf6 15.b3 Nh7 16.Qc2 f5
17.exf5 Bxf5 18.Bd3 Qd7 19.Nde4 Nf6 20.Nxf6+ Rxf6 21.Ne4 Bxe4 22.Bxe4 Qf7
23.Qd2 Nc5 24.Bc2 Kg7 25.Kg1 Rf4 26.Rae1 b5 27.cxb5 Rd4 28.Qc3 Qxd5 29.Rd1 Ne6
30.Rxd4 Qxd4 31.Qc6 Rf8 32.Qd7+ Kf6 33.Bxg6 Nf4 34.Be8 Qd5 35.Qd8+ Kg7 36.Qe7+ Kg8
37.Bc6 Ne2+ 38.Kh1 Qd3 39.Qe6+ Kg7 40.Qc4 Rxf2 41.Qg4+ Kh8 42.Qc8+ Kg7 43.Qxc7+  1-0

[Event "Helsinki We I-HSK"]
[Site "Helsinki"]
[Date "1997.??.??"]
[Round "5"]
[White "Veingold, Aleksandr"]
[Black "Vetemaa, Juri"]
[Result "1-0"]
[WhiteElo "2460"]
[BlackElo "2355"]

1.d4 Nf6 2.Nf3 g6 3.c4 Bg7 4.Nc3 O-O 5.e4 d6 6.Be2 Nbd7 7.O-O e5 8.Re1 Kh8
9.Bf1 Ng8 10.g3 f5 11.exf5 gxf5 12.Bg5 Qe8 13.Nd5 Qh5 14.Nxc7 e4 15.Nxa8 exf3
16.Bf4 Ngf6 17.Nc7 Ne4 18.Bg2 Ndf6 19.Bxf3 Qf7 20.Nb5 Qxc4 21.Nxd6 Nxd6 22.Bxd6 Rd8
23.Be5  1-0

[Event "Herlev op"]
[Site "Herlev"]
[Date "1997.??.??"]
[Round "4"]
[White "Jakobsen, Ole"]
[Black "Larsen, Karsten"]
[Result "0-1"]
[WhiteElo "2385"]
[BlackElo "2175"]

1.c4 Nf6 2.Nc3 g6 3.e4 d6 4.d4 Bg7 5.Nf3 O-O 6.Be2 e5 7.d5 a5 8.Nd2 Na6 9.h4 Nc5
10.h5 c6 11.Qc2 Bd7 12.a4 Qb6 13.Ra3 Ng4 14.Nd1 Rac8 15.Rg3 Nf6 16.dxc6 bxc6
17.Nc3 Ne6 18.Qd1 Nf4 19.hxg6 hxg6 20.Ndb1 d5 21.exd5 cxd5 22.cxd5 Bf5 23.Nd2 N6xd5
24.Nxd5 Nxd5 25.O-O Nf4 26.Nc4 Qb4 27.Bxf4 exf4 28.Rb3 Qe7 29.Nd6 Rc5 30.Nxf5 Rxf5
31.Bf3 Rd8 32.Qb1 Bd4 33.Rb7 Qf6 34.b4 Kg7 35.bxa5 Qh4 36.a6 Rh8  0-1

[Event "Herlev op"]
[Site "Herlev"]
[Date "1997.??.??"]
[Round "6"]
[White "Nielsen, Jens Hartung"]
[Black "Christensen, Bo Garner"]
[Result "0-1"]
[WhiteElo "2235"]
[BlackElo "2225"]

1.d4 Nf6 2.c4 g6 3.Nc3 Bg7 4.e4 d6 5.Nf3 O-O 6.Be2 e5 7.Be3 h6 8.h3 Nc6 9.d5 Ne7
10.Nd2 Nxe4 11.Ndxe4 f5 12.g4 fxe4 13.Qd2 g5 14.h4 gxh4 15.Bxh6 Ng6 16.Nxe4 Rf4
17.Bxf4 exf4 18.O-O-O b5 19.c5 a5 20.a3 b4 21.a4 Qe8 22.Bb5 Qxe4 23.Rhe1 Qf3
24.Bc6 Bxg4 25.Bxa8 Bf5 26.Re8+ Kh7 27.Qe2 Qxe2 28.Rxe2 f3 29.Red2 Bh6 30.cxd6 cxd6
31.Rh1 h3 32.Bc6 Bf4 33.Kd1 h2 34.Bb5 Bh3 35.Rd4 Bg2 36.Rxf4 Bxh1 37.Bd3 Kh6
38.Bxg6 Kg5 39.Rf8 Bg2 40.Rh8 h1=Q+ 41.Rxh1 Bxh1 42.Bc2 Kf4 43.Kd2 Bg2 44.Kd3 Ke5
45.Bb3 Bf1+ 46.Ke3 Be2 47.Ba2 Bd1 48.Bc4 Bxa4 49.Kxf3 Kd4 50.Ba6 Be8 51.Ke2 a4
52.Bd3 a3  0-1

[Event "Herlev op"]
[Site "Herlev"]
[Date "1997.??.??"]
[Round "7"]
[White "Henrichsen, Jens"]
[Black "Andersen, Einar"]
[Result "1/2-1/2"]
[WhiteElo "2100"]
[BlackElo "2040"]

1.d4 Nf6 2.Nf3 g6 3.c4 Bg7 4.Nc3 O-O 5.e4 d6 6.Be2 Nbd7 7.O-O e5 8.Qc2 a5
9.Rd1 exd4 10.Nxd4 Nc5 11.Bg5 Qe8 12.f3 h6 13.Bh4 g5 14.Bf2 Nh5 15.Nd5 Qd8
16.Nf5 Bxf5 17.exf5 Nd7 18.g3 Nhf6 19.Rac1 Re8 20.b3 Ne5 21.c5 Nc6 22.a3 dxc5
23.Nb6 cxb6 24.Rxd8 Raxd8 25.Bb5 Nd5 26.Rd1 Bd4 27.Bxc6 Bxf2+ 28.Kxf2 bxc6
29.Re1 g4 30.Re4 Nf6 31.Rxe8+ Rxe8 32.Qd2 gxf3 33.Kxf3 Kg7 34.Qd6 h5 35.h3 Nd5
36.Qxc6 Re3+ 37.Kf2 Rd3 38.Ke2 Rd4 39.Kf2 a4 40.bxa4 c4 41.g4 hxg4 42.hxg4 c3
43.g5 Rf4+ 44.Ke1 Rxf5 45.Qh6+ Kg8 46.g6 Nf6 47.Kd1 Rf2 48.gxf7+ Kxf7 49.Qe3 Rd2+
50.Kc1 Nd5 51.Qe5 Kg6 52.Qe6+ Kg5 53.a5 bxa5 54.Qa6 Kf4 55.Qxa5 Ke4 56.Qxc3 Nxc3
57.Kxd2 Na4  1/2-1/2

[Event "Hockenheim op"]
[Site "Hockenheim"]
[Date "1997.??.??"]
[Round "5"]
[White "Zagorskis, Darius"]
[Black "Solonar, Stephan"]
[Result "1-0"]
[WhiteElo "2505"]
[BlackElo "2300"]

1.d4 Nf6 2.c4 d6 3.Nc3 Nbd7 4.Nf3 g6 5.e4 e5 6.Be2 Bg7 7.O-O O-O 8.Qc2 h6
9.Rd1 Re8 10.dxe5 dxe5 11.Be3 c6 12.b4 Qe7 13.c5 Nf8 14.h3 Nh5 15.Rd6 Nf4
16.Bf1 Be6 17.Rad1 Qf6 18.Nh2 Qe7 19.Ne2 Nxe2+ 20.Bxe2 Nh7 21.Nf3 Ng5 22.Nxg5 hxg5
23.Bc4 Bxc4 24.Qxc4 Rad8 25.R1d3 Bf6 26.Qc1 Kg7 27.Qd2 Rh8 28.a3 a6 29.Rd7 Rxd7
30.Rxd7 Qe6 31.f3 Qb3 32.Bxg5 Qxa3 33.Bxf6+ Kxf6 34.Qd6+ Kg7 35.Qxe5+  1-0

[Event "BCF-ch"]
[Site "Hove"]
[Date "1997.??.??"]
[Round "9"]
[White "Sheldon, Ruth"]
[Black "Rudd, Jack"]
[Result "1-0"]
[WhiteElo "2295"]
[BlackElo "2170"]

1.d4 Nf6 2.c4 g6 3.Nc3 Bg7 4.e4 O-O 5.Be2 d6 6.Nf3 e5 7.d5 a5 8.Bg5 h6 9.Bh4 Na6
10.Nd2 Qe8 11.O-O Nh7 12.a3 Bd7 13.b4 h5 14.f3 axb4 15.axb4 Nxb4 16.Qb3 Bh6
17.Qxb4 Bxd2 18.c5 f5 19.Rxa8 Qxa8 20.cxd6 fxe4 21.dxc7 exf3 22.gxf3 Bh3
23.Rd1 Rf4 24.Qe7 Bxc3 25.d6 Nf8 26.Bf6 Rxf6 27.Qxf6 Qa7+ 28.Kh1 Qf2 29.Bc4+ Kh7
30.Qf7+ Kh6 31.Qxf8+ Kg5 32.Rg1+ Kh4 33.Qf6+ g5 34.Qxg5+  1-0

[Event "HUN-chT2 9798"]
[Site "HUN"]
[Date "1997.??.??"]
[Round "?"]
[White "Bordas, Gyula"]
[Black "Demeny, Antal"]
[Result "0-1"]
[WhiteElo "2165"]
[BlackElo "2210"]

1.c4 Nf6 2.Nc3 d6 3.Nf3 g6 4.d4 Bg7 5.e4 O-O 6.Be2 Nbd7 7.O-O e5 8.Qc2 c6
9.Rd1 Qc7 10.h3 Re8 11.d5 cxd5 12.cxd5 Nc5 13.Nb5 Qe7 14.Be3 b6 15.Bxc5 bxc5
16.b4 a6 17.Nxd6 Qxd6 18.bxc5 Qc7 19.d6 Qc6 20.Bc4 Be6 21.Bxe6 Rxe6 22.Ng5 Ree8
23.Qc4 Rf8 24.Rac1 h6 25.Nf3 Nd7 26.Qd5 Rac8 27.Rd3 Qxd5 28.Rxd5 Rc6 29.Nd2 Rfc8
30.Nb3 Bf6 31.Kf1 Bg5 32.Rc4 Bd8 33.Ke2 Kg7 34.Rb4 Nxc5 35.Nxc5 Rxc5 36.Rxc5 Rxc5
37.Rb8 Ba5 38.d7 Rc2+ 39.Kf3 Rd2 40.Ra8 Rxd7 41.Rxa6 Bc3  0-1

[Event "HUN-chT 9798"]
[Site "Hungary"]
[Date "1997.??.??"]
[Round "?"]
[White "Orgovan, Sandor"]
[Black "Poor, Istvan"]
[Result "1/2-1/2"]
[WhiteElo "2350"]
[BlackElo "2305"]

1.Nf3 g6 2.c4 Bg7 3.Nc3 d6 4.d4 Nf6 5.e4 O-O 6.Be2 e5 7.Be3 Ng4 8.Bg5 f6
9.Bh4 Nc6 10.dxe5 Ngxe5 11.Nxe5 dxe5 12.Qxd8  1/2-1/2

[Event "HUN-chT 9798"]
[Site "Hungary"]
[Date "1997.??.??"]
[Round "?"]
[White "Berta, Krisztian"]
[Black "Puschmann, Laszlo"]
[Result "1/2-1/2"]
[WhiteElo "2160"]
[BlackElo "2280"]

1.d4 g6 2.c4 Bg7 3.Nc3 d6 4.Nf3 Nf6 5.e4 O-O 6.Be2 Nbd7 7.O-O e5 8.d5 Nc5
9.Qc2 a5 10.Bg5 h6 11.Bh4 Bd7 12.Nd2 g5 13.Bg3 b6 14.b3 Nh7 15.a3 f5 16.exf5 Bxf5
17.Nde4 a4 18.b4 Nb3 19.Rae1 Nd4 20.Qd1 Qd7 21.Bd3 g4 22.Bc2 Ng5 23.Re3 Bf6  1/2-1/2

[Event "Isle of Man op"]
[Site "Isle of Man"]
[Date "1997.??.??"]
[Round "1"]
[White "Sadler, Matthew"]
[Black "Buckley, Graeme"]
[Result "1-0"]
[WhiteElo "2665"]
[BlackElo "2380"]

1.d4 Nf6 2.c4 g6 3.Nc3 Bg7 4.e4 d6 5.Nf3 O-O 6.Be2 e5 7.Be3 Ng4 8.Bg5 f6
9.Bh4 Nh6 10.dxe5 g5 11.exf6 Bxf6 12.Bg3 Nc6 13.O-O Be6 14.Nd5 g4 15.Nd2 Bxb2
16.Rb1 Bd4 17.Rxb7 Rf7 18.Nb3 Bg7 19.Nf4 Bd7 20.Qd2 a6 21.Nc1 Nd4 22.Nd5 Be6
23.Nb3 Nxe2+ 24.Qxe2 Bc8 25.Rb4 Qe8 26.Nc1 a5 27.Rb1 Ba6 28.Nb3 Nf5 29.Bf4 c6
30.Nb6 Rb8 31.Qd3 Nh4 32.Be3 Qe5 33.Nd2 Qh5 34.Bd4 Bh6 35.Rfd1 Nf3+ 36.gxf3 gxf3
37.Kh1 Bf4 38.Rg1+ Kf8 39.Nd7+ Rxd7 40.Rxb8+  1-0

[Event "Isle of Man op"]
[Site "Isle of Man"]
[Date "1997.??.??"]
[Round "3"]
[White "Sadler, Matthew"]
[Black "David, Alberto"]
[Result "1-0"]
[WhiteElo "2665"]
[BlackElo "2460"]

1.d4 Nf6 2.c4 g6 3.Nc3 Bg7 4.e4 O-O 5.Nf3 d6 6.Be2 e5 7.Be3 Ng4 8.Bg5 f6
9.Bh4 Nc6 10.d5 Ne7 11.Nd2 Nh6 12.f3 g5 13.Bf2 f5 14.O-O Ng6 15.g3 Kh8 16.c5 g4
17.cxd6 cxd6 18.exf5 gxf3 19.Bxf3 Bxf5 20.Nde4 Qd7 21.Kh1 b5 22.a3 Rac8 23.Qe2 a6
24.Bg1 Ng8 25.Bg2 Nf6 26.Rxf5  1-0

[Event "ISR-chT"]
[Site "Israel"]
[Date "1997.??.??"]
[Round "2"]
[White "Zilberman, Yaacov"]
[Black "Oratovsky, Michael"]
[Result "1-0"]
[WhiteElo "2535"]
[BlackElo "2480"]

1.d4 Nf6 2.Nf3 g6 3.c4 d6 4.Nc3 Nbd7 5.e4 e5 6.Be2 Bg7 7.O-O O-O 8.Qc2 Qe7
9.Rd1 Re8 10.d5 a5 11.Bg5 h6 12.Bh4 h5 13.a3 Bh6 14.b4 Nf8 15.Bg5 Bxg5 16.Nxg5 h4
17.Qd2 N6h7 18.Nxh7 Nxh7 19.Nb5 f5 20.c5 f4 21.cxd6 cxd6 22.Rac1 Rd8 23.Nc7 Rb8
24.bxa5 Ng5 25.Qd3 Rf8 26.Ne6 Bxe6 27.dxe6 f3 28.Bxf3 Nxf3+ 29.gxf3 Rbd8
30.Kh1 Qxe6 31.Rc3 Qh3 32.Rg1 Qe6 33.Rg4 Rf7 34.Rxh4 Rdf8 35.Qe2 Ra8 36.Qd2 Rg7
37.Qh6 Re8 38.Qh8+ Kf7 39.Rc7+ Re7 40.Rc8 Kf6 41.Rf8+ Rf7 42.Rh7  1-0

[Event "ISR-chT"]
[Site "Israel"]
[Date "1997.??.??"]
[Round "6"]
[White "Har Zvi, Ronen"]
[Black "Oratovsky, Michael"]
[Result "1/2-1/2"]
[WhiteElo "2505"]
[BlackElo "2480"]

1.Nf3 d6 2.d4 g6 3.c4 Nf6 4.Nc3 Nbd7 5.e4 e5 6.Be2 Bg7 7.O-O O-O 8.Qc2 Nh5
9.Rd1 Nf4 10.Bf1 a5 11.Be3 Ne6 12.dxe5 dxe5 13.c5  1/2-1/2

[Event "SLO-ch int blind"]
[Site "Izola"]
[Date "1997.??.??"]
[Round "?"]
[White "Heinich, Manfred"]
[Black "Sakic, Milutin"]
[Result "1/2-1/2"]
[WhiteElo "2160"]
[BlackElo "2215"]

1.d4 Nf6 2.Nf3 g6 3.c4 Bg7 4.Nc3 O-O 5.e4 d6 6.Be2 e5 7.d5 Nbd7 8.Bg5 h6
9.Bh4 a5 10.Nd2 Nc5 11.b3 b6 12.O-O g5 13.Bg3 Ne8 14.Bg4 Nd3 15.Bxc8 Qxc8
16.Qc2 Nf4 17.Rfe1 Nf6 18.Nf1 N6h5 19.Ne3 Bf6 20.Nf5 Kh7 21.a3 Ng7 22.Nxg7 Kxg7
23.b4 h5 24.f3 h4 25.Bxf4 exf4 26.h3  1/2-1/2

[Event "World Cities"]
[Site "Jakarta "]
[Date "1997.??.??"]
[Round "7"]
[White "Shneider, Aleksandr"]
[Black "Saltaev, Mihail"]
[Result "1/2-1/2"]
[WhiteElo "2570"]
[BlackElo "2490"]

1.d4 Nf6 2.c4 d6 3.Nf3 Nbd7 4.Nc3 g6 5.e4 e5 6.Be2 Bg7 7.O-O O-O 8.Re1 c6
9.Bf1 Ne8 10.Bg5 f6 11.Be3 Qe7 12.Qc2 f5 13.exf5 gxf5  1/2-1/2

[Event "World Cities"]
[Site "Jakarta "]
[Date "1997.??.??"]
[Round "9"]
[White "Ng, Jimmy"]
[Black "Gunawan, Johan"]
[Result "0-1"]
[WhiteElo "2140"]
[BlackElo "2235"]

1.e4 d6 2.d4 g6 3.c4 Bg7 4.Nc3 Nf6 5.Nf3 O-O 6.Be2 e5 7.dxe5 dxe5 8.Bg5 Nbd7
9.O-O h6 10.Be3 Ng4 11.Bd2 f5 12.h3 Ngf6 13.exf5 gxf5 14.Nh4 Nh7 15.Ng6 Rf6
16.Bh5 Nhf8 17.Nh4 c6 18.Be3 Qe7 19.f4 e4 20.Qe1 Nc5 21.Bd4 Nd3 22.Qg3 Rd6
23.Be3 Be6 24.Bg6 Qf6 25.c5 Rd7 26.Bh5 Nxb2 27.Rac1 Rd3 28.Nd1 Nxd1 29.Bxd1 Rxe3
30.Qxe3 Qxh4 31.Bb3 Rd8 32.Rcd1 Rxd1 33.Rxd1 Bxb3 34.Qxb3+ Kh7 35.Qxb7 Qxf4
36.Qxc6 Ng6 37.Rd8 Qc1+ 38.Kf2 e3+ 39.Ke2 Qc2+  0-1

[Event "World Cities"]
[Site "Jakarta "]
[Date "1997.??.??"]
[Round "9"]
[White "Ostenstad, Berge"]
[Black "Saltaev, Mihail"]
[Result "0-1"]
[WhiteElo "2465"]
[BlackElo "2490"]

1.d4 Nf6 2.c4 d6 3.Nc3 Nbd7 4.e4 e5 5.Nf3 g6 6.Be2 Bg7 7.O-O O-O 8.Qc2 c6
9.d5 c5 10.a3 Ne8 11.b4 Qe7 12.Rb1 b6 13.Bd1 Ba6 14.Qd3 Rc8 15.Bb3 Ndf6 16.Bg5 h6
17.Bd2 Nh5 18.g3 Nef6 19.Rfe1 Nh7 20.Qe2 Ng5 21.Nxg5 hxg5 22.Na4 Bf6 23.bxc5 bxc5
24.Nc3 Kg7 25.Ba4 Rb8 26.Bc6 Rxb1 27.Rxb1 Bc8 28.f3 Rh8 29.Nd1 Qc7 30.Ne3 Bd8
31.Qd3 Rf8 32.Qb3 f5 33.Bb7 f4 34.gxf4 gxf4 35.Nd1 Bd7 36.Bc6 Bxc6 37.dxc6 Qxc6
38.Qb7+ Qxb7 39.Rxb7+ Rf7 40.Rb8 Rd7 41.a4 Kf7 42.Kf2 Ng7 43.a5 Ne6 44.a6 Nd4
45.Rb2 Nc6 46.Rb5 Ke6 47.Nb2 Bc7 48.Na4 Rd8 49.Rb7 Kd7 50.Nc3 Rb8 51.Nd5 Rxb7
52.axb7 Bd8 53.Ke2 Nb8 54.Kd3 Kc6  0-1

[Event "Jakarta op"]
[Site "Jakarta"]
[Date "1997.??.??"]
[Round "?"]
[White "Barus, Cerdas"]
[Black "Nenashev, Alexander"]
[Result "0-1"]
[WhiteElo "2440"]
[BlackElo "2585"]

1.d4 Nf6 2.c4 g6 3.Nc3 Bg7 4.e4 d6 5.Nf3 O-O 6.Be2 e5 7.Be3 Ng4 8.Bg5 f6
9.Bh4 Nc6 10.d5 Ne7 11.Nd2 Nh6 12.f3 f5 13.O-O Nf7 14.exf5 gxf5 15.f4 Qd7
16.Bh5 exf4 17.Nf3 Ng6 18.Qd2 Nxh4 19.Nxh4 Ne5 20.Qxf4 Qe7 21.Rae1 Qf6 22.Rd1 Bh6
23.Qd4 f4 24.Nf3 Qf5 25.g4 fxg3 26.Qh4 Be3+ 27.Kg2 Qc2+ 28.Nd2 Rxf1 29.Qxg3+ Kh8
30.Rxf1 Qxd2+ 31.Kh1 Bd7 32.Ne4 Qd3 33.Qg2 Rg8 34.Ng3 Qxc4  0-1

[Event "Jakarta op"]
[Site "Jakarta"]
[Date "1997.??.??"]
[Round "?"]
[White "Savchenko, Stanislav"]
[Black "Iuldachev, Saidali"]
[Result "1-0"]
[WhiteElo "2575"]
[BlackElo "2555"]

1.Nf3 Nf6 2.c4 g6 3.Nc3 Bg7 4.e4 d6 5.d4 O-O 6.Be2 e5 7.O-O Na6 8.Be3 Ng4
9.Bg5 Qe8 10.dxe5 dxe5 11.h3 h6 12.Bd2 Nf6 13.Be3 b6 14.Qc1 Kh7 15.a3 Nh5
16.Re1 c6 17.b4 Nc7 18.Nd2 Nf4 19.Bxf4 exf4 20.Nf3 Be5 21.Ra2 Qe6 22.b5 Bb7
23.bxc6 Bxc6 24.Nd5 g5 25.Rd2 Na6 26.Nxe5 Qxe5 27.Nb4 Nxb4 28.axb4 Rad8 29.b5 Ba8
30.Bg4 Qc7 31.Bf5+ Kg8 32.e5 Rxd2 33.Qxd2 Rd8 34.Qc3 Qc5 35.Qc2 Qb4 36.Rd1 Rxd1+
37.Qxd1 Qe7 38.Qd4 Qb7 39.Qd8+ Kg7 40.Qf6+ Kf8 41.Qd8+ Kg7 42.f3  1-0

[Event "Jakarta op"]
[Site "Jakarta"]
[Date "1997.??.??"]
[Round "?"]
[White "Timoshenko, Georgy"]
[Black "Ginting, Nasib"]
[Result "1-0"]
[WhiteElo "2510"]
[BlackElo "2420"]

1.d4 Nf6 2.c4 g6 3.Nc3 Bg7 4.e4 d6 5.Nf3 O-O 6.Be2 e5 7.O-O c6 8.Re1 Nbd7
9.Bf1 exd4 10.Nxd4 Ng4 11.Qxg4 Bxd4 12.Qd1 Qf6 13.Be3 Bxe3 14.Rxe3 Ne5 15.h3 Be6
16.b3 Rad8 17.Qd2 h5 18.Bd3 d5 19.cxd5 cxd5 20.exd5 Bxd5 21.Rae1 Qg5 22.f4 Qxf4
23.Bb1 Bc6 24.Qe2 Rfe8 25.Rxe5  1-0

[Event "Jakarta op"]
[Site "Jakarta"]
[Date "1997.??.??"]
[Round "?"]
[White "Barus, Cerdas"]
[Black "Timoshenko, Georgy"]
[Result "1/2-1/2"]
[WhiteElo "2440"]
[BlackElo "2510"]

1.d4 Nf6 2.c4 g6 3.Nc3 Bg7 4.e4 d6 5.Nf3 O-O 6.Be2 e5 7.Be3 c6 8.Qd2 Ng4
9.Bg5 f6 10.Bh4 Nd7 11.Rd1 Qe7 12.O-O Nh6 13.c5 dxc5 14.dxe5 Nxe5 15.Nxe5 Qxe5
16.Bc4+ Nf7 17.Bg3 Qh5 18.Qd6 Kh8 19.Qe7 g5 20.Qxc5 Re8 21.Rd2 Qg6 22.f4 gxf4
23.Bxf4 Ng5 24.Bg3 Be6 25.Bxe6 Nxe6 26.Qc4 Qg5 27.Rdf2 Rad8 28.Kh1 Qc5 29.Qe2 b5
30.a3 a5 31.e5 fxe5 32.Ne4 Qd4 33.Nf6 Re7 34.Qh5 Nf8 35.Bh4 Rb7 36.h3 Rbb8
37.Rf5 e4  1/2-1/2

[Event "Jakarta op"]
[Site "Jakarta"]
[Date "1997.??.??"]
[Round "?"]
[White "Chiong, Luiz"]
[Black "Saltaev, Mihail"]
[Result "1/2-1/2"]
[WhiteElo "2390"]
[BlackElo "2495"]

1.Nf3 Nf6 2.c4 d6 3.Nc3 Nbd7 4.d4 g6 5.e4 e5 6.Be2 Bg7 7.O-O O-O 8.Be3 Ng4
9.Bg5 f6 10.Bh4 Nh6 11.d5 Nf7 12.Ne1 h5 13.f3 Bh6 14.Nd3 Be3+ 15.Bf2 Bxf2+
16.Rxf2 Nc5 17.b4 Nxd3 18.Bxd3 a5 19.a3 Bd7 20.Rc1 axb4 21.axb4 c5 22.bxc5 dxc5
23.Rb2 Nd6 24.Rcb1 Qa5 25.Qd2 Kg7 26.Ra2 Qc7 27.Rba1 Rxa2 28.Rxa2 Rb8 29.Ra7 Qb6
30.Ra2 Qd8 31.Qf2 Qb6 32.Qc2 Rc8 33.h4 Qb4 34.Rb2 Qa5 35.Ra2 Qb6 36.Kh2 Rb8
37.g3 Qc7 38.Ra7 Qb6 39.Ra2 Qd8 40.Qf2 Qb6  1/2-1/2

[Event "Jakarta op"]
[Site "Jakarta"]
[Date "1997.??.??"]
[Round "?"]
[White "Elsness, Frode"]
[Black "Saltaev, Mihail"]
[Result "0-1"]
[WhiteElo "2330"]
[BlackElo "2495"]

1.d4 Nf6 2.c4 d6 3.Nc3 Nbd7 4.Nf3 g6 5.e4 e5 6.Be2 Bg7 7.O-O O-O 8.Qc2 c6
9.Rd1 Qe7 10.Rb1 Ne8 11.b4 f5 12.exf5 gxf5 13.Bg5 Qf7 14.dxe5 dxe5 15.c5 Kh8
16.Nd2 b5 17.a4 a6 18.f3 Ndf6 19.Bd3 Qh5 20.Be3 Nc7 21.Nf1 Nfd5 22.Nxd5 Nxd5
23.Bd2 Be6 24.Ne3 Nf4 25.Bf1 Rf6 26.Be1 Qg5 27.Kh1 Nh5 28.Qf2 Rh6 29.axb5 axb5
30.Qh4 Qxe3 31.Bd2 Qd4 32.Qxd4 exd4 33.Bxh6 Bxh6 34.Rxd4 Bf8 35.Re1 Ng7 36.Kg1 Kg8
37.Bd3 Ra4 38.Rd8 Kf7 39.Bxb5 cxb5 40.c6 Ra7 41.Rb8 Rc7 42.Rxb5 Rxc6 43.Rb7+ Kf6
44.Rb1 Rc2 45.Rb8 Bd6 46.Ra8 Ba2 47.Ra1 Bc4 48.Rb1 Ne6 49.Rc8 h5 50.h4 Nf4
51.Rc6 Ke7 52.Kh1 Nxg2 53.Rd1 Bxb4 54.Ra1 Bd6 55.Rd1 Bf4 56.Ra1 Nxh4  0-1

[Event "Jakarta op"]
[Site "Jakarta"]
[Date "1997.??.??"]
[Round "?"]
[White "Shneider, Aleksandr"]
[Black "Ginting, Nasib"]
[Result "1/2-1/2"]
[WhiteElo "2565"]
[BlackElo "2420"]

1.d4 Nf6 2.c4 g6 3.Nc3 Bg7 4.e4 d6 5.Be2 O-O 6.Nf3 e5 7.O-O Na6 8.Be3 c6
9.Re1 Qe7 10.c5 dxc5 11.Nxe5 Ng4 12.Bxa6 Nxe3 13.Rxe3 bxa6 14.Qd3 Qb7 15.Qc4 Rd8
16.Na4 Qb5 17.Qc2  1/2-1/2

[Event "Jyvaskyla We JyS"]
[Site "Jyvaskyla"]
[Date "1997.??.??"]
[Round "3"]
[White "Taivainen, Jukka"]
[Black "Westerinen, Heikki MJ"]
[Result "1/2-1/2"]
[WhiteElo "2295"]
[BlackElo "2425"]

1.d4 Nf6 2.c4 g6 3.Nc3 Bg7 4.e4 d6 5.Nf3 O-O 6.Be2 e5 7.d5 a5 8.Bg5 h6 9.Bh4 Na6
10.Nd2 Qe8 11.a3 Bd7 12.b3 Nh7 13.f3 f5 14.Rb1 Nc5 15.Qc2 Bf6 16.Bf2 Bg5
17.b4 axb4 18.axb4 Na4 19.Nb5 Bxb5 20.cxb5 Nf6 21.Bd3 Bxd2+ 22.Qxd2 fxe4
23.fxe4 Nh5 24.g3 Kh7 25.O-O Qd7 26.Be2 Nf6 27.Qc2 Nb6 28.Ra1 Rxa1 29.Rxa1 Ra8
30.Rc1 Ne8 31.Kg2  1/2-1/2

[Event "Kastel Stari op"]
[Site "Kastel Stari"]
[Date "1997.??.??"]
[Round "2"]
[White "Nikolov, Sasho"]
[Black "Kozul, Zdenko"]
[Result "0-1"]
[WhiteElo "2370"]
[BlackElo "2590"]

1.d4 Nf6 2.c4 g6 3.Nc3 Bg7 4.e4 d6 5.Nf3 O-O 6.Be2 e5 7.O-O Nbd7 8.Re1 h6
9.Bf1 Nh7 10.d5 f5 11.Rb1 a5 12.Nd2 Nc5 13.f3 h5 14.b3 f4 15.a3 g5 16.b4 axb4
17.axb4 Nd7 18.Bb2 Ndf6 19.c5 g4 20.Qc2 h4 21.Ra1 Rxa1 22.Rxa1 h3 23.gxh3 g3
24.hxg3 fxg3 25.f4 exf4 26.Nf3 Nd7 27.Nb5 Ne5 28.Bxe5 Bxe5 29.Ra8 Ng5 30.Nxe5 dxe5
31.Na7 Qd7 32.Nxc8 f3 33.Qd2 f2+ 34.Kh1 g2+ 35.Bxg2 f1=Q+  0-1

[Event "Kastel Stari op"]
[Site "Kastel Stari"]
[Date "1997.??.??"]
[Round "4"]
[White "Bilobrk, Franjo"]
[Black "Djeno, Mara"]
[Result "1-0"]
[WhiteElo "2370"]
[BlackElo "2190"]

1.d4 Nf6 2.c4 g6 3.Nc3 Bg7 4.e4 d6 5.Be2 O-O 6.Nf3 e5 7.O-O Nbd7 8.Re1 h6
9.Bf1 a5 10.Rb1 Re8 11.d5 Nc5 12.b3 Bd7 13.Nd2 Nh7 14.a3 f5 15.f3 h5 16.b4 axb4
17.axb4 Na4 18.Nxa4 Bxa4 19.Nb3 f4 20.Bd2 Bf6 21.Qc2 Bh4 22.Rec1 Bg3 23.hxg3 fxg3
24.Be2 Qh4 25.Be3 Ng5 26.b5 Rf8 27.Kf1 Nxe4 28.Ke1 Qh1+ 29.Bf1 Rxf3 30.gxf3 Nf2
31.Qxg6+ Kh8 32.Bg5 Rf8 33.Bf6+ Rxf6 34.Qxf6+ Kh7 35.Kd2 Qh2 36.Kc3 g2 37.Bd3+ Nxd3
38.Qf5+ Kg7 39.Qxd3 h4 40.Qf5 h3 41.Nd2 Qg3  1-0

[Event "Kastel Stari op"]
[Site "Kastel Stari"]
[Date "1997.??.??"]
[Round "7"]
[White "Ljubicic, Filip"]
[Black "Armanda, Ivica"]
[Result "1-0"]
[WhiteElo "2350"]
[BlackElo "2255"]

1.d4 Nf6 2.c4 g6 3.Nc3 Bg7 4.e4 O-O 5.Nf3 d6 6.Be2 e5 7.Be3 Qe7 8.dxe5 dxe5
9.O-O Bg4 10.Nd5 Nxd5 11.cxd5 Na6 12.Rc1 Bxf3 13.Bxf3 Qb4 14.Qc2 f5 15.a3 Qd6
16.b4 f4 17.Bd2 Qd7 18.Be2 Rac8 19.Qd1 h5 20.Bxa6 bxa6 21.Rc6 Rf6 22.Rxf6 Bxf6
23.Qb3 Kg7 24.Rc1 Qb5 25.Qh3 Rd8 26.Rxc7+ Kh6 27.Qf3 Bg5 28.h4 Bxh4 29.Bxf4+ exf4
30.Qxf4+ Bg5 31.Qf7 Bd2 32.Qg7+ Kg5 33.Qe5+ Kh6 34.Qg7+ Kg5  1-0

[Event "Tavasz"]
[Site "Kecskemet"]
[Date "1997.??.??"]
[Round "6"]
[White "Gyimesi, Zoltan"]
[Black "Videki, Sandor"]
[Result "1/2-1/2"]
[WhiteElo "2500"]
[BlackElo "2375"]

1.d4 Nf6 2.c4 g6 3.Nc3 Bg7 4.e4 d6 5.Be2 O-O 6.Nf3 e5 7.O-O Na6 8.Re1 c6
9.Bf1 exd4 10.Nxd4 Ng4 11.h3 Qb6 12.hxg4 Qxd4 13.Be3 Qe5 14.g3 Qe7 15.Rc1 Nc5
16.Bg2 Re8 17.b3 Be6 18.f4 Rad8 19.Bf2 b6 20.Bf3 Bc8 21.Kg2 Bb7 22.Qd2 Qf8
23.Rcd1 Ne6 24.Qc2 Nc5 25.Rd2 Qe7 26.g5 Ba8 27.Nd1 Bb7 28.Rde2 Ne6 29.Qd3 Qc7
30.Qd2 Qe7 31.Be3 d5 32.exd5 cxd5 33.cxd5 Qd7 34.Bf2 Bxd5 35.Qxd5 Qxd5 36.Bxd5 Rxd5
37.Ne3 Rd3 38.Ng4 Rc8 39.Be3 Rcc3  1/2-1/2

[Event "Kiev"]
[Site "Kiev"]
[Date "1997.??.??"]
[Round "11"]
[White "Malakhatko, Vadim"]
[Black "Komliakov, Viktor"]
[Result "0-1"]
[WhiteElo "2405"]
[BlackElo "2460"]

1.Nf3 d6 2.d4 Nf6 3.c4 g6 4.Nc3 Nbd7 5.e4 e5 6.Be2 Bg7 7.O-O O-O 8.Re1 Re8
9.Bf1 a6 10.d5 a5 11.b3 Nc5 12.Rb1 Nh5 13.Nd2 Nf4 14.Qc2 Na6 15.a3 c5 16.Na2 Bd7
17.b4 axb4 18.axb4 cxb4 19.Nxb4 Nc5 20.g3 Nh3+ 21.Kg2 h5 22.Nd3 b6 23.Nxc5 bxc5
24.Nf3 Bf6 25.Be3 Kg7 26.Qd2 Rh8 27.Rb7 Bc8 28.Rb3 h4 29.Reb1 Be7 30.Kh1 Bg4
31.Be2 Ra4 32.Qc3 Bxf3+ 33.Bxf3 Bg5 34.Kg2 Qf6 35.Bg4 Bxe3 36.Qxe3 Ng5 37.Be2 Ra2
38.Rb7 h3+ 39.Kh1 Rha8 40.f4 exf4 41.gxf4 Qd4 42.Qxd4+ cxd4 43.fxg5 Rxe2
44.Rf1 Kg8 45.Rb3 Raa2 46.Rxh3 d3 47.e5 d2 48.e6 fxe6 49.Rb3 Ra8 50.Rbb1 exd5
51.cxd5 Rae8 52.Rfd1 R8e5 53.h4 Rxd5 54.Kg1 Rd4 55.Kf1 Rh2 56.Rb2 Rh1+ 57.Ke2 Re4+  0-1

[Event "Klatovy op-B"]
[Site "Klatovy"]
[Date "1997.??.??"]
[Round "?"]
[White "Hobl, S."]
[Black "Fiala, Robert"]
[Result "0-1"]
[WhiteElo "1750"]
[BlackElo "1900"]

1.d4 Nf6 2.c4 g6 3.Nc3 Bg7 4.Nf3 O-O 5.e4 d6 6.Be2 e5 7.d5 Ne8 8.O-O f5 9.exf5 gxf5
10.Bg5 Nf6 11.Qc1 a5 12.Bh6 f4 13.Bxg7 Kxg7 14.Nd2 Kh8 15.Nde4 Bf5 16.f3 Na6
17.Qd1 Rg8 18.Bd3 Bd7 19.Qe1 Qe7 20.Qh4 Nxd5 21.Qxe7 Nxe7 22.Nf6 Rgd8 23.Nxh7 Nc5
24.Bc2 Bf5 25.Bxf5 Nxf5 26.Ng5 Rg8 27.Nge4 Ne3 28.Rf2 Nxe4 29.Nxe4 Nxc4 30.Rc1 Ne3
31.Rxc7 Rgc8 32.Rxc8+ Rxc8 33.h4 d5 34.Nc3 d4 35.Ne4 d3 36.Nc3 b5 37.Nxb5 Rc1+
38.Kh2 d2 39.Nc3 d1=Q 40.Nxd1 Rxd1 41.b3 Kh7 42.Rb2 Kg6 43.g4 Rf1 44.a3 Rxf3
45.b4 Nxg4+ 46.Kg2 Rg3+ 47.Kh1 f3 48.bxa5 Rh3+ 49.Kg1 f2+  0-1

[Event "Klatovy op-B"]
[Site "Klatovy"]
[Date "1997.??.??"]
[Round "?"]
[White "Jina, L."]
[Black "Jenc, M."]
[Result "0-1"]
[WhiteElo "1890"]
[BlackElo "1660"]

1.d4 Nf6 2.c4 g6 3.Nc3 Bg7 4.e4 d6 5.Nf3 O-O 6.Be2 Nbd7 7.O-O e5 8.d5 Nc5
9.Qc2 a5 10.b3 Ne8 11.Be3 f5 12.Bxc5 dxc5 13.Bd3 Nd6 14.Rae1 f4 15.Qc1 Rf7
16.a3 Qf6 17.Nd2 g5 18.f3 h5 19.Qc2 g4 20.g3 gxf3 21.Nxf3 Bh3 22.Rf2 Qg6
23.Nh4 Qg5 24.Ne2 Raf8 25.Kh1 fxg3 26.Rxf7 g2+  0-1